[Event "Voronezh op-B 23rd"]
[Site "Voronezh"]
[Date "2019.06.20"]
[Round "9"]
[White "Neklyudov, Taras"]
[Black "Peschansky, Mikhail"]
[Result "1/2-1/2"]
[WhiteElo "1921"]
[BlackElo "2075"]
[PlyCount "122"]
[EventDate "2019.06.12"]
[EventType "swiss"]
[EventRounds "9"]
[EventCountry "RUS"]
[SourceTitle "CBM 191 Extra"]
[Source "ChessBase"]
[SourceDate "2019.09.30"]
[SourceVersion "1"]
[SourceVersionDate "2019.09.30"]
[SourceQuality "1"]

1. e4 g6 2. d4 Bg7 3. Nc3 c6 4. Nf3 d6 5. h3 Nf6 6. a4 a5 7. Be2 0-0 8. Be3 Qc7 9. Qd2 e5 10. Bh6 Re8 11. Bxg7 Kxg7 12. 0-0 Nbd7 13. Rfe1 Nf8 14. Rad1 Be6 15. Bf1 Rad8 16. Qe3 Bc8 17. Rd2 Re7 18. Red1 Rde8 19. dxe5 dxe5 20. Rd6 Rd7 21. Qc5 Rxd6 22. Qxd6 Qxd6 23. Rxd6 N8d7 24. Nd2 Nc5 25. f3 Be6 26. Nc4 Bxc4 27. Bxc4 Nfd7 28. b3 Kf8 29. Kf2 Ke7 30. Rd2 Nb6 31. Bf1 Ne6 32. Ne2 Nd7 33. c3 Ndc5 34. Nc1 h5 35. Bc4 h4 36. Ke3 Nf4 37. Bf1 Rf8 38. Rb2 Rd8 39. Rd2 Rg8 40. Rb2 Rd8 41. Rd2 Rxd2 42. Kxd2 f5 43. Ke3 fxe4 44. fxe4 Kf6 45. Kf3 Kg5 46. Bc4 Kf6 47. Bf1 Nh5 48. Bd3 Ng3 49. Bc2 Nf1 50. Kf2 Ng3 51. Kf3 Ne6 52. Ne2 Ng5+ 53. Ke3 Nh5 54. b4 axb4 55. cxb4 Ke6 56. Bb3+ Kd6 57. a5 Kc7 58. Bc4 Nf6 59. Nc3 Ne8 60. b5 cxb5 61. Bxb5 Nf6 1/2-1/2

[Event "Voronezh op-B 21st"]
[Site "Voronezh"]
[Date "2017.06.14"]
[Round "3"]
[White "Peschansky, Mikhail"]
[Black "Mikhnenko, Alexander"]
[Result "1/2-1/2"]
[WhiteElo "2162"]
[BlackElo "2019"]
[PlyCount "110"]
[EventDate "2017.06.12"]
[EventType "swiss"]
[EventRounds "9"]
[EventCountry "RUS"]
[SourceTitle "CBM 179 Extra"]
[Source "ChessBase"]
[SourceDate "2017.08.23"]
[SourceVersion "1"]
[SourceVersionDate "2017.08.23"]
[SourceQuality "1"]

1. c4 c5 2. g3 Nf6 3. Bg2 d5 4. cxd5 Nxd5 5. Nc3 Nc7 6. Nf3 Nc6 7. 0-0 e5 8. d3 Be7 9. Nd2 Bd7 10. Nc4 f6 11. Nd5 Nxd5 12. Bxd5 Rc8 13. Be3 Bh3 14. Bg2 Bxg2 15. Kxg2 Qd5+ 16. f3 0-0 17. Qb3 b6 18. Nd2 Qxb3 19. Nxb3 Nd4 20. Bxd4 cxd4 21. Rfc1 Kf7 22. a3 Ke6 23. f4 Kd5 24. Kf3 Bd6 25. Nd2 exf4 26. gxf4 Rxc1 27. Rxc1 g5 28. fxg5 fxg5+ 29. Kg2 Bf4 30. Rc2 Bxd2 31. Rxd2 Rc8 32. Kf3 h5 33. b4 Rc3 34. Ra2 Rb3 35. Kg3 Ke5 36. Ra1 Rb2 37. Kf2 Kf4 38. Rc1 Ra2 39. Rc7 Rxa3 40. Re7 Ra4 41. Re4+ Kf5 42. Rxd4 Ke5 43. Re4+ Kd6 44. h4 g4 45. Rf4 Ke5 46. Rf7 Rxb4 47. Rxa7 Rb5 48. Ke3 Kf5 49. Rh7 Kg6 50. Rb7 Re5+ 51. Kf2 Re6 52. e4 Rf6+ 53. Kg2 Rd6 54. d4 Rxd4 55. Rxb6+ Kf7 1/2-1/2

[Event "Voronezh op-B 21st"]
[Site "Voronezh"]
[Date "2017.06.12"]
[Round "1"]
[White "Peschansky, Mikhail"]
[Black "Stepanischev, Gregory"]
[Result "1-0"]
[WhiteElo "2162"]
[BlackElo "1799"]
[PlyCount "75"]
[EventDate "2017.06.12"]
[EventType "swiss"]
[EventRounds "9"]
[EventCountry "RUS"]
[SourceTitle "CBM 179 Extra"]
[Source "ChessBase"]
[SourceDate "2017.08.23"]
[SourceVersion "1"]
[SourceVersionDate "2017.08.23"]
[SourceQuality "1"]

1. c4 g6 2. g3 Bg7 3. Bg2 Nf6 4. e4 d6 5. Ne2 e5 6. 0-0 Nc6 7. Nbc3 0-0 8. h3 Nd7 9. d3 Nc5 10. Be3 Ne6 11. Rb1 a5 12. Nb5 Rb8 13. Qd2 Re8 14. f4 exf4 15. gxf4 f5 16. d4 Ne7 17. d5 Nc5 18. Bxc5 dxc5 19. e5 Bd7 20. Nec3 Nc8 21. Rbd1 Bxb5 22. Nxb5 g5 23. d6 cxd6 24. exd6 Nb6 25. b3 a4 26. fxg5 axb3 27. axb3 Re5 28. Rfe1 Nd7 29. Rxe5 Bxe5 30. h4 Qf8 31. Bxb7 Bd4+ 32. Nxd4 Rxb7 33. Ne6 Qe8 34. Qd5 Ra7 35. Nxc5+ Kh8 36. Ne6 Qg6 37. Qd4+ Kg8 38. Nf4 1-0

[Event "Voronezh op-B 20th"]
[Site "Voronezh"]
[Date "2016.06.20"]
[Round "8"]
[White "Tverdokhleb, Aleksandr"]
[Black "Peschansky, Mikhail"]
[Result "1-0"]
[WhiteElo "2042"]
[BlackElo "2196"]
[PlyCount "73"]
[EventDate "2016.06.12"]
[EventType "swiss"]
[EventRounds "9"]
[EventCountry "RUS"]
[SourceTitle "EXT 2017"]
[Source "ChessBase"]
[SourceDate "2016.10.25"]
[SourceVersion "1"]
[SourceVersionDate "2016.10.25"]
[SourceQuality "1"]

1. d4 Nf6 2. Nf3 d5 3. c4 e6 4. Bg5 Nbd7 5. e3 c6 6. cxd5 Qa5+ 7. Nbd2 exd5 8. Bxf6 Nxf6 9. Bd3 Bd6 10. h3 0-0 11. 0-0 Re8 12. Qc2 Bd7 13. a3 Qc7 14. b4 Re7 15. Rfc1 a6 16. Rab1 Qd8 17. Nb3 Qe8 18. Nc5 Bc8 19. Nd2 b6 20. Na4 Bb7 21. Nxb6 Ra7 22. Na4 Rxe3 23. fxe3 Qxe3+ 24. Kh1 Nh5 25. Nf1 Qf4 26. Qe2 g6 27. Qe3 Qh4 28. Re1 Kg7 29. Be2 Bf4 30. Qf3 Bc8 31. Nc5 Re7 32. Nd3 Re4 33. Nf2 Bf5 34. Bd3 g5 35. Bxe4 dxe4 36. Rxe4 g4 37. Nxg4 1-0

[Event "Voronezh op-B 20th"]
[Site "Voronezh"]
[Date "2016.06.18"]
[Round "6"]
[White "Peschansky, Mikhail"]
[Black "Gasanov, Zaur"]
[Result "0-1"]
[WhiteElo "2196"]
[BlackElo "2009"]
[PlyCount "56"]
[EventDate "2016.06.12"]
[EventType "swiss"]
[EventRounds "9"]
[EventCountry "RUS"]
[SourceTitle "EXT 2017"]
[Source "ChessBase"]
[SourceDate "2016.10.25"]
[SourceVersion "1"]
[SourceVersionDate "2016.10.25"]
[SourceQuality "1"]

1. c4 Nf6 2. g3 g6 3. Bg2 d5 4. cxd5 Nxd5 5. Nc3 Nb6 6. Nf3 Bg7 7. 0-0 0-0 8. d3 Nc6 9. a4 a5 10. Be3 h6 11. Nd2 Nd4 12. Nb3 e5 13. Ne4 Nd5 14. Bd2 Bg4 15. Re1 c6 16. h3 Bc8 17. e3 Ne6 18. Nec5 Nxc5 19. Nxc5 b6 20. Nb3 Be6 21. d4 Ne7 22. Bc3 Qd7 23. Kh2 Nd5 24. Bd2 Rfd8 25. Qc2 Rac8 26. Rad1 c5 27. dxc5 Qxa4 28. Ra1 Nb4 0-1

[Event "Voronezh op-B 19th"]
[Site "Voronezh"]
[Date "2015.06.16"]
[Round "5"]
[White "Simakov, Vladislav"]
[Black "Peschansky, Mikhail"]
[Result "1/2-1/2"]
[WhiteElo "2197"]
[BlackElo "2159"]
[PlyCount "109"]
[EventDate "2015.06.12"]
[EventType "swiss"]
[EventRounds "9"]
[EventCountry "RUS"]
[SourceTitle "CBM 167 Extra"]
[Source "ChessBase"]
[SourceDate "2015.09.14"]
[SourceVersion "1"]
[SourceVersionDate "2015.09.14"]
[SourceQuality "1"]

1. d4 Nf6 2. c4 e6 3. Nc3 Bb4 4. e3 0-0 5. Nge2 Re8 6. a3 Bf8 7. e4 d5 8. e5 Ne4 9. Nxe4 dxe4 10. Qc2 c5 11. Qxe4 Nc6 12. dxc5 Bxc5 13. Nc3 Qb6 14. Bd3 Bxf2+ 15. Ke2 g6 16. Nb5 Bc5 17. b4 Bd4 18. c5 Qd8 19. Nxd4 Nxd4+ 20. Kf2 f5 21. Qe3 Nb3 22. Rb1 Nxc1 23. Rbxc1 f4 24. Qe4 Bd7 25. b5 Qa5 26. Qb4 Qc7 27. c6 bxc6 28. bxc6 Bc8 29. Qd6 Qa5 30. Rhd1 Rd8 31. Qc5 Qxc5+ 32. Rxc5 Rb8 33. Rb1 Rxb1 34. Bxb1 Rd4 35. Kf3 Ra4 36. Rb5 Rxa3+ 37. Kxf4 Ra4+ 38. Be4 Ba6 39. Rb8+ Kg7 40. Ra8 Bd3 41. c7 Bxe4 42. Rxa7 Rxa7 43. c8Q Bxg2 44. Qxe6 Rf7+ 45. Kg3 Be4 46. Qg4 Bf5 47. Qd4 Be6 48. Qd6 Bf5 49. e6 Bxe6 50. Qxe6 Rf5 51. Qe7+ Kg8 52. Kg4 h5+ 53. Kg3 Kh8 54. h4 Kg8 55. Qd7 1/2-1/2

[Event "Voronezh op-A 17th"]
[Site "Voronezh"]
[Date "2013.06.20"]
[Round "8"]
[White "Rjabzev, Konstantin"]
[Black "Peschansky, Mikhail"]
[Result "1-0"]
[WhiteElo "2290"]
[BlackElo "2281"]
[PlyCount "63"]
[EventDate "2013.06.12"]
[EventType "swiss"]
[EventRounds "9"]
[EventCountry "RUS"]
[SourceTitle "EXT 2014"]
[Source "ChessBase"]
[SourceDate "2013.11.20"]
[SourceVersion "1"]
[SourceVersionDate "2013.11.20"]
[SourceQuality "1"]

1. e4 c5 2. Nf3 Nc6 3. Bb5 e6 4. Bxc6 bxc6 5. d3 Ne7 6. e5 Ng6 7. 0-0 Be7 8. Nbd2 f6 9. exf6 gxf6 10. h4 h5 11. Ne4 d5 12. Ng3 Qc7 13. Re1 e5 14. Nh2 Nxh4 15. Nxh5 Bd7 16. Ng4 Qd6 17. b4 cxb4 18. d4 Rg8 19. Nhxf6+ Bxf6 20. dxe5 0-0-0 21. exd6 Bxg4 22. Qd3 Bxa1 23. Qa6+ Kb8 24. Bf4 Bd7 25. Rxa1 Nxg2 26. Bg3 Nf4 27. a3 Rde8 28. axb4 Ne2+ 29. Kg2 Nf4+ 30. Kf1 Bh3+ 31. Kg1 Rg7 32. d7 1-0

[Event "Voronezh op-A 17th"]
[Site "Voronezh"]
[Date "2013.06.19"]
[Round "7"]
[White "Peschansky, Mikhail"]
[Black "Baraeva, Irina"]
[Result "1-0"]
[WhiteElo "2281"]
[BlackElo "2171"]
[PlyCount "81"]
[EventDate "2013.06.12"]
[EventType "swiss"]
[EventRounds "9"]
[EventCountry "RUS"]
[SourceTitle "EXT 2014"]
[Source "ChessBase"]
[SourceDate "2013.11.20"]
[SourceVersion "1"]
[SourceVersionDate "2013.11.20"]
[SourceQuality "1"]

1. e4 e6 2. d4 d5 3. Nc3 Nf6 4. e5 Nfd7 5. f4 c5 6. Nf3 Nc6 7. Be3 cxd4 8. Nxd4 Bc5 9. Na4 Bxd4 10. Bxd4 Ndxe5 11. Bb5 Ng6 12. Bxc6+ bxc6 13. Qd2 0-0 14. 0-0-0 Qc7 15. g3 e5 16. fxe5 Re8 17. Rde1 Bh3 18. Qc3 Re7 19. Re3 Rae8 20. Rhe1 Bf5 21. Nc5 h6 22. a4 Nf8 23. Na6 Qb7 24. Nc5 Qc7 25. a5 Ne6 26. Nxe6 Rxe6 27. Qc5 R6e7 28. a6 Rb8 29. Qd6 Rb5 30. Bc5 Qxd6 31. exd6 Rxe3 32. Bxe3 c5 33. c3 Kf8 34. b4 cxb4 35. cxb4 Rxb4 36. Bxa7 Ra4 37. Kb2 Rxa6 38. Bc5 Bd7 39. Re7 Bc6 40. d7 Bxd7 41. Re6+ 1-0

[Event "Voronezh op-B 15th"]
[Site "Voronezh"]
[Date "2011.06.20"]
[Round "9"]
[White "Provkin, Vladimir"]
[Black "Peschansky, Mikhail"]
[Result "1-0"]
[WhiteElo "2211"]
[BlackElo "2282"]
[PlyCount "69"]
[EventDate "2011.06.12"]
[EventType "swiss"]
[EventRounds "9"]
[EventCountry "RUS"]
[SourceTitle "CBM 143 Extra"]
[Source "ChessBase"]
[SourceDate "2011.08.29"]
[SourceVersion "1"]
[SourceVersionDate "2011.08.29"]
[SourceQuality "1"]

1. d4 d5 2. Nf3 c6 3. c4 Nf6 4. Qc2 g6 5. Nc3 dxc4 6. a4 Na6 7. e4 Be6 8. h3 h6 9. Be3 Bg7 10. Rd1 Qa5 11. Ne5 Nb4 12. Qd2 b5 13. axb5 cxb5 14. Be2 Nd3+ 15. Nxd3 cxd3 16. Bxd3 b4 17. Ne2 Kf8 18. 0-0 Kg8 19. Nf4 Bd7 20. e5 Ne8 21. Ra1 Qd8 22. Be4 Rb8 23. Rxa7 Nc7 24. Rfa1 Nb5 25. Ra8 Kh7 26. Rxb8 Qxb8 27. Qd3 e6 28. h4 h5 29. Nxh5 Nc7 30. Nf4 Kg8 31. g3 Bb5 32. Qc2 Nd5 33. Nxd5 exd5 34. Bxd5 Kh7 35. Bxf7 1-0

[Event "Voronezh op-B 15th"]
[Site "Voronezh"]
[Date "2011.06.19"]
[Round "8"]
[White "Peschansky, Mikhail"]
[Black "Lopukhin, Anatoly Viktorovich"]
[Result "1-0"]
[WhiteElo "2282"]
[BlackElo "2254"]
[PlyCount "130"]
[EventDate "2011.06.12"]
[EventType "swiss"]
[EventRounds "9"]
[EventCountry "RUS"]
[SourceTitle "CBM 143 Extra"]
[Source "ChessBase"]
[SourceDate "2011.08.29"]
[SourceVersion "1"]
[SourceVersionDate "2011.08.29"]
[SourceQuality "1"]

1. d4 g6 2. g3 Bg7 3. Bg2 c6 4. c4 d6 5. Nc3 Nh6 6. Nf3 Nd7 7. 0-0 0-0 8. h3 e5 9. e4 Qe7 10. Be3 f5 11. Bg5 Qe8 12. d5 Nf7 13. exf5 gxf5 14. Re1 e4 15. Bf4 Nde5 16. Nxe5 Nxe5 17. dxc6 bxc6 18. Bxe5 Qxe5 19. Rc1 Be6 20. Nxe4 fxe4 21. Rxe4 Qf6 22. Rxe6 Qxe6 23. Bxc6 Kh8 24. Bxa8 Rxa8 25. b3 a5 26. Qd5 Qxd5 27. cxd5 Bd4 28. Kg2 Bc5 29. Rc4 Rf8 30. f4 Re8 31. Ra4 Bb6 32. Kf3 Kg7 33. Re4 Rc8 34. Re7+ Kg8 35. f5 Rc3+ 36. Kf4 Bd4 37. g4 Rxh3 38. Rd7 Be3+ 39. Ke4 Bc5 40. Rd8+ Kg7 41. g5 Re3+ 42. Kf4 Re5 43. Rd7+ Kg8 44. Rd8+ Kf7 45. Rd7+ Re7 46. Rd8 a4 47. Rh8 Be3+ 48. Kg4 Re4+ 49. Kf3 Re5 50. Rxh7+ Kg8 51. Rh6 axb3 52. axb3 Bc5 53. Kg4 Rxd5 54. Re6 Rd1 55. Kh5 Kf7 56. g6+ Kf8 57. f6 Rh1+ 58. Kg5 Rg1+ 59. Kf5 Rf1+ 60. Ke4 Rg1 61. f7 Kg7 62. Kd5 Rd1+ 63. Kc6 Rc1 64. Re8 d5 65. Rg8+ Kf6 1-0

[Event "Voronezh op-B 15th"]
[Site "Voronezh"]
[Date "2011.06.17"]
[Round "6"]
[White "Peschansky, Mikhail"]
[Black "Torshin, Anton1111"]
[Result "1-0"]
[WhiteElo "2282"]
[BlackElo "2148"]
[PlyCount "40"]
[EventDate "2011.06.12"]
[EventType "swiss"]
[EventRounds "9"]
[EventCountry "RUS"]
[SourceTitle "CBM 143 Extra"]
[Source "ChessBase"]
[SourceDate "2011.08.29"]
[SourceVersion "1"]
[SourceVersionDate "2011.08.29"]
[SourceQuality "1"]

1. c4 g6 2. Nc3 Bg7 3. g3 c5 4. Bg2 Nc6 5. Nf3 e6 6. 0-0 Nge7 7. e3 0-0 8. d4 cxd4 9. Nxd4 Nxd4 10. exd4 d5 11. cxd5 Nxd5 12. Nxd5 exd5 13. Qb3 Bxd4 14. Bh6 Re8 15. Rad1 Qf6 16. Qa4 Be6 17. Qxd4 Qxd4 18. Rxd4 Rac8 19. Bxd5 Bxd5 20. Rxd5 Rc2 1-0

[Event "Voronezh op-B 15th"]
[Site "Voronezh"]
[Date "2011.06.15"]
[Round "4"]
[White "Peschansky, Mikhail"]
[Black "Volkov, Sergei"]
[Result "0-1"]
[WhiteElo "2282"]
[BlackElo "2215"]
[PlyCount "72"]
[EventDate "2011.06.12"]
[EventType "swiss"]
[EventRounds "9"]
[EventCountry "RUS"]
[SourceTitle "CBM 143 Extra"]
[Source "ChessBase"]
[SourceDate "2011.08.29"]
[SourceVersion "1"]
[SourceVersionDate "2011.08.29"]
[SourceQuality "1"]

1. c4 Nf6 2. Nc3 e5 3. g3 c6 4. Nf3 d6 5. Bg2 Nbd7 6. 0-0 Be7 7. e4 0-0 8. d4 Re8 9. b3 Bf8 10. Bb2 a5 11. d5 Nc5 12. Ne1 cxd5 13. cxd5 b5 14. Nxb5 Nfxe4 15. Na3 Ba6 16. Nc4 a4 17. Bxe4 Nxe4 18. Nd3 Qb8 19. Rc1 Rc8 20. Qe1 Nf6 21. Nb4 axb3 22. axb3 Qb5 23. Ne3 Rxc1 24. Bxc1 Bb7 25. Qd2 Ne4 26. Qe1 Nf6 27. Qd2 Ne4 28. Qe1 Rc8 29. Bb2 Nc5 30. Nec2 Nd3 31. Qe2 e4 32. Rb1 f5 33. Qd2 Bxd5 34. Bc3 Ba8 35. Nd4 Qb7 36. Nxd3 exd3 0-1

[Event "Voronezh op-A"]
[Site "Voronezh"]
[Date "2008.06.16"]
[Round "5"]
[White "Bocharov, Dmitry"]
[Black "Peschansky, Mikhail"]
[Result "1-0"]
[WhiteElo "2569"]
[BlackElo "2279"]
[PlyCount "80"]
[EventDate "2008.06.12"]
[EventType "swiss"]
[EventRounds "9"]
[EventCountry "RUS"]
[SourceTitle "CBM 125 Extra"]
[Source "ChessBase"]
[SourceDate "2008.09.01"]
[SourceVersion "1"]
[SourceVersionDate "2008.09.01"]
[SourceQuality "1"]

1. d4 d5 2. c4 c6 3. Nf3 Nf6 4. e3 a6 5. Nc3 b5 6. b3 e6 7. Bd3 Bd6 8. 0-0 0-0 9. Qc2 Nbd7 10. e4 dxc4 11. bxc4 e5 12. Ne2 exd4 13. Nexd4 c5 14. Nf5 Ne5 15. Nxd6 Nxf3+ 16. gxf3 Qxd6 17. Kh1 Nh5 18. Rg1 Qf6 19. Be2 Qxa1 20. Bb2 Qxg1+ 21. Kxg1 Be6 22. Qd2 Bxc4 23. Bxc4 bxc4 24. Qg5 Rab8 25. Bc3 g6 26. f4 Rb1+ 27. Kg2 Rc1 28. Bd2 Rc2 29. Be3 Rc8 30. f5 Rxa2 31. Qe7 Ra3 32. Qb7 Re8 33. Qd7 Rxe4 34. Bh6 Nf4+ 35. Bxf4 Rxf4 36. Qe8+ Kg7 37. Qe5+ f6 38. Qxf4 gxf5 39. Qxf5 Ra5 40. Qg4+ Kh8 1-0

[Event "Voronezh op-A"]
[Site "Voronezh"]
[Date "2008.06.13"]
[Round "2"]
[White "Rustemov, Alexander"]
[Black "Peschansky, Mikhail"]
[Result "1-0"]
[WhiteElo "2552"]
[BlackElo "2279"]
[PlyCount "69"]
[EventDate "2008.06.12"]
[EventType "swiss"]
[EventRounds "9"]
[EventCountry "RUS"]
[SourceTitle "CBM 125 Extra"]
[Source "ChessBase"]
[SourceDate "2008.09.01"]
[SourceVersion "1"]
[SourceVersionDate "2008.09.01"]
[SourceQuality "1"]

1. d4 d5 2. c4 c6 3. Nc3 Nf6 4. e3 a6 5. Nf3 b5 6. c5 g6 7. Bd3 Bg7 8. Ne5 Nfd7 9. Nxd7 Nxd7 10. f4 f5 11. Bd2 Nf6 12. b4 Ne4 13. Ne2 Bd7 14. a4 h6 15. 0-0 0-0 16. Ra3 Qc7 17. Qc2 Rab8 18. Rfa1 Rb7 19. Be1 Bf6 20. axb5 axb5 21. Ra6 Rfb8 22. R1a3 h5 23. Bxe4 fxe4 24. f5 h4 25. fxg6 e5 26. Ra8 Bg4 27. dxe5 Bxe5 28. h3 Bh5 29. Bxh4 Qg7 30. Bg3 Bxe2 31. Bxe5 Qxe5 32. Qxe2 Qg5 33. Qf2 Qxg6 34. Qf4 Qe8 35. Qg3+ 1-0

[Event "Voronezh op-A 11th"]
[Site "Voronezh"]
[Date "2007.06.21"]
[Round "9"]
[White "Kabanova, Ekaterina"]
[Black "Peschansky, Mikhail"]
[Result "1/2-1/2"]
[WhiteElo "2151"]
[BlackElo "2279"]
[PlyCount "81"]
[EventDate "2007.06.12"]
[EventType "swiss"]
[EventRounds "9"]
[EventCountry "RUS"]
[SourceTitle "CBM 118 Extra"]
[Source "ChessBase"]
[SourceDate "2007.07.04"]
[SourceVersion "1"]
[SourceVersionDate "2007.07.04"]
[SourceQuality "1"]

1. c4 d6 2. e3 e5 3. Qc2 g6 4. b3 Bg7 5. Bb2 Ne7 6. Nf3 Nbc6 7. a3 a5 8. Be2 0-0 9. d3 h6 10. Nbd2 f5 11. 0-0 g5 12. Ne1 Be6 13. Qd1 d5 14. cxd5 Nxd5 15. Nc4 b5 16. Nd2 Nce7 17. Rc1 Qd6 18. Qc2 Ra6 19. Qc5 Rb8 20. g3 Rc6 21. Qa7 Rcb6 22. e4 Nc8 23. Qxa5 Ra6 24. Qxa6 Qxa6 25. exd5 Bxd5 26. Rxc7 Qd6 27. Rc1 Ne7 28. Nc2 Nc6 29. Rfe1 g4 30. b4 h5 31. Ne3 Be6 32. Rc5 Ne7 33. Ng2 Ng6 34. Rec1 Bd5 35. Ne3 Be6 36. Rc6 Qe7 37. Rc7 Qg5 38. Ra7 h4 39. Rcc7 Bf6 40. Rc6 Bf7 41. Bxg4 1/2-1/2

[Event "Voronezh op-A 11th"]
[Site "Voronezh"]
[Date "2007.06.20"]
[Round "8"]
[White "Peschansky, Mikhail"]
[Black "Zaletov, Yuri"]
[Result "1-0"]
[WhiteElo "2279"]
[BlackElo "2129"]
[PlyCount "83"]
[EventDate "2007.06.12"]
[EventType "swiss"]
[EventRounds "9"]
[EventCountry "RUS"]
[SourceTitle "CBM 118 Extra"]
[Source "ChessBase"]
[SourceDate "2007.07.04"]
[SourceVersion "1"]
[SourceVersionDate "2007.07.04"]
[SourceQuality "1"]

1. b3 Nf6 2. Bb2 g6 3. c4 Bg7 4. g3 0-0 5. Bg2 c5 6. Nc3 Nc6 7. Nf3 d6 8. d4 cxd4 9. Nxd4 Bd7 10. Nc2 Qb6 11. 0-0 Ne5 12. Qd4 Qc7 13. Qd2 Rac8 14. Rac1 Qb6 15. Nd4 a6 16. h3 h5 17. e3 Nc6 18. Rfd1 Rfe8 19. Na4 Qa7 20. Nc3 Qb6 21. Nde2 Ne5 22. Kh1 Bc6 23. Nd5 Bxd5 24. cxd5 Nh7 25. Bd4 Qb5 26. f4 Nd7 27. e4 Bxd4 28. Nxd4 Qb6 29. Bf3 a5 30. Qe3 Qb4 31. e5 Nc5 32. Rc4 Qa3 33. Qd2 a4 34. Nb5 Nxb3 35. Nxa3 Nxd2 36. Rxd2 Rxc4 37. Nxc4 b5 38. Na5 Rb8 39. a3 Nf8 40. Nc6 Rb7 41. Rb2 Kg7 42. Be2 1-0

[Event "Voronezh op-A 11th"]
[Site "Voronezh"]
[Date "2007.06.16"]
[Round "5"]
[White "Gabrielian, Artur"]
[Black "Peschansky, Mikhail"]
[Result "1-0"]
[WhiteElo "2496"]
[BlackElo "2279"]
[PlyCount "59"]
[EventDate "2007.06.12"]
[EventType "swiss"]
[EventRounds "9"]
[EventCountry "RUS"]
[SourceTitle "CBM 118 Extra"]
[Source "ChessBase"]
[SourceDate "2007.07.04"]
[SourceVersion "1"]
[SourceVersionDate "2007.07.04"]
[SourceQuality "1"]

1. e4 d5 2. exd5 Qxd5 3. Nc3 Qd6 4. d4 Nf6 5. g3 Bg4 6. f3 Bf5 7. g4 Bd7 8. g5 Qe6+ 9. Nge2 Nh5 10. d5 Qb6 11. Qd4 e6 12. Qxb6 axb6 13. Bh3 Bb4 14. Bg4 g6 15. Bxh5 gxh5 16. Bd2 Na6 17. 0-0-0 0-0-0 18. h4 h6 19. gxh6 exd5 20. Nxd5 Rhe8 21. Nxb4 Nxb4 22. Ng3 Nd5 23. Nxh5 Ne3 24. Rde1 Nf5 25. Rxe8 Bxe8 26. Nf6 Bd7 27. h7 Ng3 28. Rh2 Bb5 29. Rg2 Ne2+ 30. Kd1 1-0

[Event "Voronezh op-A 11th"]
[Site "Voronezh"]
[Date "2007.06.13"]
[Round "2"]
[White "Peschansky, Mikhail"]
[Black "Elfert, Aleksandr V"]
[Result "1-0"]
[WhiteElo "2279"]
[BlackElo "2058"]
[PlyCount "83"]
[EventDate "2007.06.12"]
[EventType "swiss"]
[EventRounds "9"]
[EventCountry "RUS"]
[SourceTitle "CBM 118 Extra"]
[Source "ChessBase"]
[SourceDate "2007.07.04"]
[SourceVersion "1"]
[SourceVersionDate "2007.07.04"]
[SourceQuality "1"]

1. e4 c5 2. Nf3 Nf6 3. Nc3 d5 4. exd5 Nxd5 5. Bb5+ Nc6 6. Ne5 Qd6 7. Nxc6 bxc6 8. Be2 e5 9. 0-0 Be7 10. Ne4 Qg6 11. d3 h5 12. Re1 Bg4 13. Ng3 Bxe2 14. Qxe2 h4 15. Nf1 Bd6 16. Ne3 0-0 17. Qg4 Qxg4 18. Nxg4 f6 19. Ne3 g6 20. Nc4 Bc7 21. Be3 Nb4 22. Re2 Na6 23. a3 Rfb8 24. Rf1 g5 25. g3 Kf7 26. f4 exf4 27. gxf4 g4 28. Bf2 Rh8 29. Rfe1 g3 30. Re7+ Kf8 31. hxg3 hxg3 32. Bxg3 Rg8 33. Kf2 Be5 34. Rb7 Bc7 35. Re6 Rc8 36. Rxf6+ Ke8 37. Rxa7 Nb8 38. Bh4 Rg4 39. Bg5 Nd7 40. Nd6+ Bxd6 41. Rxd6 Nb8 42. Rh7 1-0

[Event "Voronezh op-B"]
[Site "Voronezh"]
[Date "2006.06.18"]
[Round "7"]
[White "Peschansky, Mikhail"]
[Black "Rudnev, Yuri"]
[Result "1-0"]
[WhiteElo "2142"]
[BlackElo "2142"]
[PlyCount "76"]
[EventDate "2006.06.12"]
[EventType "swiss"]
[EventRounds "9"]
[EventCountry "RUS"]
[SourceTitle "EXT 2007"]
[Source "ChessBase"]
[SourceDate "2006.11.23"]
[SourceVersion "1"]
[SourceVersionDate "2006.11.23"]
[SourceQuality "1"]

1. c4 c6 2. Nf3 d5 3. cxd5 cxd5 4. g3 Nf6 5. Bg2 Nc6 6. 0-0 e6 7. d3 Be7 8. Bg5 0-0 9. Nc3 h6 10. Bxf6 Bxf6 11. d4 b6 12. Re1 Bb7 13. Rc1 g6 14. e3 Qd7 15. Bf1 Rac8 16. Qa4 a6 17. b4 b5 18. Qb3 Be7 19. a3 Rc7 20. Rc2 Rfc8 21. Rec1 Kg7 22. Nd1 Bd6 23. Nb2 f6 24. Nd3 Ne7 25. Kg2 g5 26. Nd2 Rxc2 27. Rxc2 Rxc2 28. Qxc2 Qc8 29. Qb2 Qc7 30. Nb3 Bc8 31. Nbc5 f5 32. f4 Ng8 33. Qc3 Nf6 34. Be2 g4 35. Ne5 h5 36. Bd3 Ne8 37. h3 Nf6 38. Kf1 Kh7 1-0

[Event "Voronezh op-B"]
[Site "Voronezh"]
[Date "2006.06.17"]
[Round "6"]
[White "Vastrukhin, Oleg"]
[Black "Peschansky, Mikhail"]
[Result "1/2-1/2"]
[WhiteElo "2230"]
[BlackElo "2236"]
[PlyCount "69"]
[EventDate "2006.06.12"]
[EventType "swiss"]
[EventRounds "9"]
[EventCountry "RUS"]
[SourceTitle "EXT 2007"]
[Source "ChessBase"]
[SourceDate "2006.11.23"]
[SourceVersion "1"]
[SourceVersionDate "2006.11.23"]
[SourceQuality "1"]

1. d4 d6 2. e4 Nf6 3. Nc3 g6 4. Nf3 Bg7 5. Bd3 Bg4 6. Be3 Nbd7 7. Qd2 Bxf3 8. gxf3 e5 9. 0-0-0 exd4 10. Bxd4 Ne5 11. f4 Bh6 12. Kb1 Nf3 13. Qe3 Nxd4 14. Qxd4 Bxf4 15. Bc4 Be5 16. Qd3 Qe7 17. Rhf1 g5 18. Nd5 Nxd5 19. exd5 a6 20. Rfe1 Qf6 21. Re4 Qxf2 22. Qh3 h5 23. Rf1 g4 24. Rxf2 gxh3 25. Rh4 Ke7 26. Rxh3 Rag8 27. c3 Rg4 28. Bd3 h4 29. Rhf3 f6 30. h3 Rg3 31. Bf5 b6 32. Kc2 Rh5 33. Bg4 Rxf3 34. Rxf3 Rg5 35. Rf5 1/2-1/2